000 00450nam a2200169Ia 4500
999 _c332
_d332
003 OSt
005 20210909130107.0
008 190216s9999||||xx |||||||||||||| ||und||
040 _coclc
082 _a297
_bNAD/R
100 _aNadwi, Abul Hasan Ali
_92085
245 0 _aRavaiw Iqbal /
_cAbul Hasan Ali Nadwi
260 _bHilal Publications,
300 _a214p
650 _aArabic
942 _cBK
_2ddc
_h297
_iNAD/R
_k297
_mNAD/R